000
00291nam a2200145Ia 4500
100
_a
Kaplan jrving
250
_a
2
942
_c
BK
654
_a
nuclear
245
_a
Nuclear Physics
260
_b
Narosa
_a
New Delhi
_c
1962
082
_a
539.7
_b
KAP
300
_a
770
546
_a
ENGLISH
999
_c
25385
_d
25385